000 00605nam a22001817a 4500
005 20150708105535.0
010 _aENG-113152
020 _a9788120766624
_c200.00
035 _aEN-96684
037 _bDBAD/PUB
082 _a658.827
100 _aSchley, Bill
245 _aThe marketing power of micro-scripts :
_cby Bill Schley
_bhow to differentiate your business in a sentence or less /
260 _bSterling Paperbacks
_c2010
_aNew Delhi
270 _bNew Delhi
_e110020
_aA-59,Okhla Industrial Area, Phase-II,
300 _axiv,176p.
_c22cm(pbk)
942 _2ddc
_cEN
_mSCH
_h658.827
999 _c93794
_d93794